Guess the lyrics - Bitches Broken Hearts, Billie Eilish - Statistics

General Stats
  • This quiz has been taken 22 times
  • The average score is 150 of 180
Answer Stats
Answer % Correct
a
100%
all
100%
can
100%
me
100%
the
100%
You
100%
you
100%
care
93%
do
93%
don't
93%
I
93%
I'm
93%
is
93%
kiss
93%
miss
93%
not
93%
pretend
93%
there
93%
bitches
86%
broken
86%
hearts
86%
shame
86%
wanna
86%
what
86%
What
86%
and
79%
but
79%
every
79%
it
79%
know
79%
never
79%
that
79%
to
79%
gonna
71%
like
71%
on
71%
one
71%
somebody
71%
stitches
71%
want
71%
your
71%
comfort
64%
for
64%
into
64%
lie
64%
mama
64%
mind
64%
new
64%
swear
64%
then
64%
you're
64%
are
57%
away
57%
begging
57%
everytime
57%
fine
57%
got
57%
hits
57%
made
57%
now
57%
oh
57%
pretty
57%
stay
57%
were
57%
art
50%
being
50%
bout
50%
everybody
50%
fits
50%
guess
50%
knows
50%
lonely
50%
sews
50%
stolen
50%
talk
50%
it's
43%
suicide
43%
No matching quizzes found
Score Distribution
Percent of People with Each Score
Percentile by Number Answered
Your Score History
You have not taken this quiz